Estudios de derecho bursátil: depósito y administración de valores, operaciones bursátiles entre plazas
Bewaard in:
| Hoofdauteur: | |
|---|---|
| Formaat: | Boek |
| Taal: | Spaans |
| Gepubliceerd in: |
Madrid
Tecnos
1971
|
| Reeks: | Biblioteca Tecnos de Estudios Jurídicos
|
| Onderwerpen: | |
| Tags: |
Voeg label toe
Geen labels, Wees de eerste die dit record labelt!
|
MARC
| LEADER | 00000nam a2200000 a 4500 | ||
|---|---|---|---|
| 001 | UCS2035 | ||
| 003 | CL-VaPUC | ||
| 008 | 970516e19710000SP |||||||||||||||||spa|d | ||
| 082 | 0 | 4 | |a 346.092 |b BRO |2 21 |
| 100 | 0 | |a Broseta Pont, Manuel |e author |9 387046 | |
| 245 | 1 | 0 | |a Estudios de derecho bursátil: depósito y administración de valores, operaciones bursátiles entre plazas |
| 300 | |a 287 p | ||
| 942 | |c BK | ||
| 945 | |d 19970516 00:00:00 |a paguirre | ||
| 260 | |a Madrid |b Tecnos |c 1971 | ||
| 650 | 0 | |a Derecho comercial |9 256340 | |
| 650 | 0 | |a Valores mobiliarios |9 427113 | |
| 650 | 0 | |a Operaciones bancarias |9 337857 | |
| 650 | 0 | |a Títulos de valores |9 386684 | |
| 650 | 0 | |a Bolsa de valores |9 329250 | |
| 583 | |a last modification |c 19970516 00:00:00 |k Rodrigo Vera | ||
| 490 | 0 | |a Biblioteca Tecnos de Estudios Jurídicos | |
| 999 | |c 260034 |d 260032 | ||
| 952 | |0 0 |1 0 |4 0 |6 346_092000000000000_BRO_1971 |7 0 |8 A |9 285609 |a BIBDER |b BIBDER |d 2019-11-19 |i 1855425 |o 346.092 BRO 1971 |p 1855425 |r 2023-01-25 |w 2019-11-19 |y BK |k DER | ||